000 00571nam a2200133Ia 4500
008 220615s9999||||xx |||||||||||||| ||und||
022 _a16648714
100 _aVirginia Penhune||Etienne De Villers-Sidani
245 0 _aWhat we learn and when we learn it: sensitive periods in development
546 _aEnglish[eng]
650 _aNeuro-development||cognitive development||early experience||brain maturation||brain plasticity
856 _uhttp://journal.frontiersin.org/researchtopic/1143/what-we-learn-and-when-we-learn-it-sensitive-periods-in-development
942 _cEB
999 _c15151
_d15151